Tendencias : (Registro nro. 63897)
[ vista simple ]
| 000 -LEADER | |
|---|---|
| fixed length control field | 01158cam a2200337 i 4500 |
| 001 - CONTROL NUMBER | |
| control field | 63897 |
| 003 - CONTROL NUMBER IDENTIFIER | |
| control field | Mx-PuUPA |
| 005 - DATE AND TIME OF LATEST TRANSACTION | |
| control field | 20240410104103.0 |
| 008 - FIXED-LENGTH DATA ELEMENTS--GENERAL INFORMATION | |
| fixed length control field | 160204s2010 sp a gr 001 0 spa d |
| 020 ## - INTERNATIONAL STANDARD BOOK NUMBER | |
| International Standard Book Number | 9788492810024 |
| 040 ## - CATALOGING SOURCE | |
| Original cataloging agency | Mx-PuUPA |
| Language of cataloging | spa |
| Transcribing agency | Mx-PuUPA |
| Modifying agency | Mx-PuUPA |
| Description conventions | rda |
| 041 1# - LANGUAGE CODE | |
| Language code of text/sound track or separate title | spa |
| Language code of original | eng |
| 100 1# - MAIN ENTRY--PERSONAL NAME | |
| Personal name | Raymond, Martin, |
| Relator term | autor |
| 9 (RLIN) | 1488 |
| 240 14 - UNIFORM TITLE | |
| Uniform title | The trend forecaster's. |
| Language of a work | Español |
| 245 10 - TITLE STATEMENT | |
| Title | Tendencias : |
| Remainder of title | qué son, cómo identificarlas, en qué fijarnos, cómo leerlas / |
| Statement of responsibility, etc. | Martin Raymond ; traductora, Alicia Martínez Yuste |
| 250 ## - EDITION STATEMENT | |
| Edition statement | Primera edición |
| 264 #1 - PRODUCTION, PUBLICATION, DISTRIBUTION, MANUFACTURE, AND COPYRIGHT NOTICE | |
| Place of production, publication, distribution, manufacture | Barcelona, España : |
| Name of producer, publisher, distributor, manufacturer | Promopress, |
| Date of production, publication, distribution, manufacture, or copyright notice | ©2010 |
| 300 ## - PHYSICAL DESCRIPTION | |
| Extent | 214 páginas : |
| Other physical details | ilustraciones (alguna en color) ; |
| Dimensions | 28 cm. |
| 336 ## - CONTENT TYPE | |
| Content type term | texto |
| Fuente | rdacontent |
| Content type code | txt |
| 337 ## - MEDIA TYPE | |
| Media type term | sin medio |
| Source | rdamedia |
| Media type code | c |
| 338 ## - CARRIER TYPE | |
| Carrier type term | volumen |
| Source | rdacarrier |
| Carrier type code | cr |
| 650 #4 - SUBJECT ADDED ENTRY--TOPICAL TERM | |
| Topical term or geographic name entry element | Intuición |
| 650 #4 - SUBJECT ADDED ENTRY--TOPICAL TERM | |
| Topical term or geographic name entry element | Percepción |
| 650 #4 - SUBJECT ADDED ENTRY--TOPICAL TERM | |
| Topical term or geographic name entry element | Aptitud creadora |
| 655 ## - INDEX TERM--GENRE/FORM | |
| Genre/form data or focus term | Libros electrónicos |
| 765 08 - ORIGINAL LANGUAGE ENTRY | |
| Main entry heading | Raymond, Martin, |
| Title | The trend forecaster's. |
| 856 ## - ELECTRONIC LOCATION AND ACCESS | |
| Link text | Acceso a través de OvidEspañol |
| 942 ## - ADDED ENTRY ELEMENTS (KOHA) | |
| Source of classification or shelving scheme | Dewey Decimal Classification |
| Koha item type | Libro |
| Classification part | 153.4 |
| Item part | R263 |
| Withdrawn status | Lost status | Source of classification or shelving scheme | Damaged status | Not for loan | Collection code | Home library | Current library | Shelving location | Date acquired | Source of acquisition | Total Checkouts | Full call number | Barcode | Date last seen | Date last checked out | Price effective from | Koha item type |
|---|---|---|---|---|---|---|---|---|---|---|---|---|---|---|---|---|---|
| Dewey Decimal Classification | Consulta en sala | Magisterial | Biblioteca Karol Wojtyla | Biblioteca Karol Wojtyla | Sala general | 04/02/2016 | Compra | 153.4 R263 2010 | 94948 | 05/01/2026 | 08/04/2016 | 14/06/2017 | Magisterial |